<Le> management par la qualité: logiques et paradoxes

Na minha lista:
Detalhes bibliográficos
Autor principal: Kita, Jaroslav
Formato: Capítulo de Livro
Idioma:francês
Tags: Adicionar Tag
Sem tags, seja o primeiro a adicionar uma tag!

MARC

LEADER 00000naa$a2200000$$$4500
001 0147653
005 20240502072650.8
041 0 |a fre 
044 |a SK 
245 1 0 |a <Le> management par la qualité: logiques et paradoxes  |c Jaroslav Kita 
100 1 |a Kita, Jaroslav